[Event "Team Championship of Russia (rapid)"]
[Site "Sochi"]
[Date "2015.05.09"]
[Round "9.8"]
[White "Motylev, Alexander"]
[Black "Khairullin, Ildar"]
[Result "1-0"]
[LiveChessVersion "1.4.4"]
[BlackElo "2617"]
[WhiteElo "2431"]
[WhiteTeam "Malachite"]

1. e4 {[%clk 0:15:18]} e5 {[%clk 0:15:19]} 2. Nf3 {[%clk 0:15:27]} Nc6
{[%clk 0:15:27]} 3. Bb5 {[%clk 0:15:36]} Nf6 {[%clk 0:15:35]} 4. O-O
{[%clk 0:15:29]} Nxe4 {[%clk 0:15:43]} 5. d4 {[%clk 0:15:38]} Nd6
{[%clk 0:15:50]} 6. Bxc6 {[%clk 0:15:47]} dxc6 {[%clk 0:15:58]} 7. dxe5
{[%clk 0:15:55]} Nf5 {[%clk 0:16:07]} 8. Qxd8+ {[%clk 0:16:03]} Kxd8
{[%clk 0:16:16]} 9. h3 {[%clk 0:16:11]} h6 {[%clk 0:15:35]} 10. Nc3
{[%clk 0:15:40]} Bd7 {[%clk 0:15:29]} 11. b3 {[%clk 0:15:40]} Kc8
{[%clk 0:15:01]} 12. Bb2 {[%clk 0:15:48]} b6 {[%clk 0:14:27]} 13. Rad1
{[%clk 0:15:49]} Ne7 {[%clk 0:13:05]} 14. Rd2 {[%clk 0:15:29]} c5
{[%clk 0:12:53]} 15. Rfd1 {[%clk 0:14:40]} Be6 {[%clk 0:13:00]} 16. Ne2
{[%clk 0:13:38]} Ng6 {[%clk 0:11:22]} 17. c4 {[%clk 0:13:41]} Be7
{[%clk 0:10:21]} 18. Nc3 {[%clk 0:13:26]} Kb7 {[%clk 0:10:21]} 19. Nd5
{[%clk 0:13:33]} a5 {[%clk 0:10:22]} 20. a4 {[%clk 0:13:38]} Rae8
{[%clk 0:09:38]} 21. Kh2 {[%clk 0:13:20]} Bd8 {[%clk 0:08:59]} 22. Nc3
{[%clk 0:11:18]} Be7 {[%clk 0:06:18]} 23. Nd5 {[%clk 0:11:15]} Bd8
{[%clk 0:06:25]} 24. Nc3 {[%clk 0:11:19]} Be7 {[%clk 0:06:32]} 25. Ne4
{[%clk 0:08:29]} Nh4 {[%clk 0:05:38]} 26. Nxh4 {[%clk 0:07:52]} Bxh4
{[%clk 0:05:46]} 27. f4 {[%clk 0:07:53]} h5 {[%clk 0:05:51]} 28. Nc3
{[%clk 0:06:58]} Bd8 {[%clk 0:05:01]} 29. g3 {[%clk 0:06:56]} Kc8
{[%clk 0:04:04]} 30. Nd5 {[%clk 0:06:39]} g6 {[%clk 0:03:27]} 31. Ne3
{[%clk 0:05:40]} Be7 {[%clk 0:03:23]} 32. Kg2 {[%clk 0:05:31]} Rd8
{[%clk 0:02:42]} 33. g4 {[%clk 0:03:35]} Rxd2+ {[%clk 0:02:39]} 34. Rxd2
{[%clk 0:03:42]} hxg4 {[%clk 0:02:16]} 35. hxg4 {[%clk 0:03:51]} Rh4
{[%clk 0:02:23]} 36. Kg3 {[%clk 0:02:28]} Rh1 {[%clk 0:02:31]} 37. Rh2
{[%clk 0:02:32]} Rxh2 {[%clk 0:02:06]} 38. Kxh2 {[%clk 0:02:40]} Bh4
{[%clk 0:02:14]} 39. Kg2 {[%clk 0:02:30]} Be1 {[%clk 0:02:20]} 40. Kf3
{[%clk 0:02:36]} c6 {[%clk 0:01:56]} 41. f5 {[%clk 0:02:10]} gxf5
{[%clk 0:01:51]} 42. gxf5 {[%clk 0:02:18]} Bd7 {[%clk 0:02:01]} 43. Ke4
{[%clk 0:02:01]} Kd8 {[%clk 0:01:55]} 44. Bc1 {[%clk 0:02:08]} Bc8
{[%clk 0:01:16]} 45. Ng4 {[%clk 0:02:09]} Ke8 {[%clk 0:01:12]} 46. Nf6+
{[%clk 0:00:49]} Kf8 {[%clk 0:01:12]} 47. Bh6+ {[%clk 0:00:56]} Ke7
{[%clk 0:01:21]} 48. Bg5 {[%clk 0:01:06]} Kf8 {[%clk 0:01:29]} 49. Nh5
{[%clk 0:01:06]} Ke8 {[%clk 0:01:18]} 50. Nf4 {[%clk 0:00:43]} Bd2
{[%clk 0:01:10]} 51. Nh3 {[%clk 0:00:42]} Bc3 {[%clk 0:01:17]} 52. Nf2
{[%clk 0:00:39]} Bd4 {[%clk 0:01:20]} 53. Ng4 {[%clk 0:00:37]} Bc3
{[%clk 0:01:25]} 54. Be3 {[%clk 0:00:34]} Ke7 {[%clk 0:01:11]} 55. Kf4
{[%clk 0:00:38]} Bb2 {[%clk 0:00:53]} 56. Nf6 {[%clk 0:00:41]} Bc3
{[%clk 0:00:41]} 57. Ne4 {[%clk 0:00:48]} Bb2 {[%clk 0:00:38]} 58. Bf2
{[%clk 0:00:47]} Bc1+ {[%clk 0:00:38]} 59. Kg4 {[%clk 0:00:56]} Bb2
{[%clk 0:00:36]} 60. Bh4+ {[%clk 0:01:05]} Kf8 {[%clk 0:00:21]} 61. Bd8
{[%clk 0:00:33]} Bxe5 {[%clk 0:00:29]} 62. Bxb6 {[%clk 0:00:39]} Ke7
{[%clk 0:00:13]} 63. Bxa5 {[%clk 0:00:44]} 1-0

[Event "Team Championship of Russia (rapid)"]
[Site "Sochi"]
[Date "2015.05.09"]
[Round "9.9"]
[White "Sjugirov, Sanan"]
[Black "Zvjaginsev, Vadim"]
[Result "1-0"]
[LiveChessVersion "1.4.4"]
[BlackElo "2799"]
[WhiteElo "2721"]
[BlackTeam "SHSM-Our Heritage-2"]
[WhiteTeam "Zhiguli"]

1. Nf3 {[%clk 0:15:18]} d5 {[%clk 0:15:18]} 2. d4 {[%clk 0:15:11]} Nf6
{[%clk 0:15:23]} 3. c4 {[%clk 0:15:19]} e6 {[%clk 0:15:32]} 4. g3
{[%clk 0:15:24]} c5 {[%clk 0:15:37]} 5. cxd5 {[%clk 0:15:30]} cxd4
{[%clk 0:15:36]} 6. dxe6 {[%clk 0:15:35]} Bxe6 {[%clk 0:15:43]} 7. Qxd4
{[%clk 0:14:52]} Nc6 {[%clk 0:15:49]} 8. Qxd8+ {[%clk 0:14:34]} Rxd8
{[%clk 0:15:57]} 9. Bg2 {[%clk 0:14:28]} Nb4 {[%clk 0:16:05]} 10. Na3
{[%clk 0:14:20]} Bxa2 {[%clk 0:16:12]} 11. O-O {[%clk 0:14:09]} a6
{[%clk 0:16:15]} 12. Nh4 {[%clk 0:08:56]} Bd5 {[%clk 0:15:41]} 13. e4
{[%clk 0:08:54]} Bc6 {[%clk 0:14:37]} 14. Bg5 {[%clk 0:08:03]} h6
{[%clk 0:12:48]} 15. Be3 {[%clk 0:07:32]} g6 {[%clk 0:11:58]} 16. Bb6
{[%clk 0:07:15]} Rd3 {[%clk 0:10:28]} 17. Nf3 {[%clk 0:07:25]} Nd7
{[%clk 0:09:59]} 18. Bd4 {[%clk 0:07:27]} Rg8 {[%clk 0:10:03]} 19. Bc3
{[%clk 0:06:58]} Bc5 {[%clk 0:08:35]} 20. Nd2 {[%clk 0:04:16]} Be7
{[%clk 0:06:46]} 21. Nb3 {[%clk 0:03:52]} Ba4 {[%clk 0:06:19]} 22. Nc1
{[%clk 0:03:06]} Rd1 {[%clk 0:06:27]} 23. Rxd1 {[%clk 0:02:51]} Bxd1
{[%clk 0:06:35]} 24. Nd3 {[%clk 0:02:28]} Nxd3 {[%clk 0:06:27]} 25. Rxd1
{[%clk 0:02:37]} N3e5 {[%clk 0:05:43]} 26. Bh3 {[%clk 0:02:35]} g5
{[%clk 0:05:39]} 27. Bf5 {[%clk 0:01:53]} f6 {[%clk 0:04:38]} 28. Nc4
{[%clk 0:01:38]} Nxc4 {[%clk 0:04:16]} 29. Rxd7 {[%clk 0:01:47]} Nd6
{[%clk 0:04:21]} 30. Be6 {[%clk 0:01:51]} Rg7 {[%clk 0:04:30]} 31. Bb4
{[%clk 0:01:15]} Nxe4 {[%clk 0:03:42]} 32. Rxb7 {[%clk 0:01:23]} Bxb4
{[%clk 0:03:19]} 33. Rxg7 {[%clk 0:01:31]} Bc5 {[%clk 0:03:28]} 34. Kf1
{[%clk 0:00:53]} Nxf2 {[%clk 0:03:24]} 35. Ke2 {[%clk 0:00:58]} Ne4
{[%clk 0:03:24]} 36. Bd5 {[%clk 0:00:56]} Nd6 {[%clk 0:03:25]} 37. Rh7
{[%clk 0:00:53]} Kf8 {[%clk 0:02:23]} 38. Kd3 {[%clk 0:00:51]} a5
{[%clk 0:02:27]} 39. Be6 {[%clk 0:00:26]} Bg1 {[%clk 0:02:08]} 40. h4
{[%clk 0:00:29]} Bf2 {[%clk 0:02:03]} 41. Rxh6 {[%clk 0:00:20]} Kg7
{[%clk 0:01:41]} 42. hxg5 {[%clk 0:00:29]} fxg5 {[%clk 0:01:50]} 43. Rh3
{[%clk 0:00:37]} Kf6 {[%clk 0:01:46]} 44. Bg4 {[%clk 0:00:41]} Nf7
{[%clk 0:01:33]} 45. Ke2 {[%clk 0:00:48]} Bd4 {[%clk 0:01:33]} 46. b3
{[%clk 0:00:56]} Be5 {[%clk 0:01:37]} 47. Bd7 {[%clk 0:00:22]} Ke7
{[%clk 0:01:24]} 48. Bf5 {[%clk 0:00:22]} Kf6 {[%clk 0:00:53]} 49. g4
{[%clk 0:00:28]} Bd6 {[%clk 0:00:49]} 50. Kd3 {[%clk 0:00:33]} Bb4
{[%clk 0:00:49]} 51. Kd4 {[%clk 0:00:36]} Bd2 {[%clk 0:00:46]} 52. Kd5
{[%clk 0:00:40]} Ke7 {[%clk 0:00:49]} 53. Be6 {[%clk 0:00:39]} Nd8
{[%clk 0:00:47]} 54. Rh7+ {[%clk 0:00:48]} Kf6 {[%clk 0:00:56]} 55. Bg8
{[%clk 0:00:22]} Bb4 {[%clk 0:00:38]} 56. Ra7 {[%clk 0:00:30]} 1-0

[Event "Team Championship of Russia (rapid)"]
[Site "Sochi"]
[Date "2015.05.09"]
[Round "9.10"]
[White "Dubov, Daniil"]
[Black "Bukavshin, Ivan"]
[Result "1-0"]
[LiveChessVersion "1.4.4"]
[BlackElo "2667"]
[WhiteElo "2686"]
[BlackTeam "Zhiguli"]
[WhiteTeam "SHSM-Our Heritage-2"]

1. Nf3 {[%clk 0:15:18]} e6 {[%clk 0:15:19]} 2. g3 {[%clk 0:15:12]} b5
{[%clk 0:15:27]} 3. Bg2 {[%clk 0:15:20]} Bb7 {[%clk 0:15:36]} 4. O-O
{[%clk 0:15:28]} c5 {[%clk 0:15:40]} 5. Na3 {[%clk 0:14:40]} b4 {[%clk 0:15:26]}
6. Nc4 {[%clk 0:14:42]} d5 {[%clk 0:15:20]} 7. Ne3 {[%clk 0:14:40]} Nd7
{[%clk 0:14:50]} 8. c3 {[%clk 0:14:21]} Ngf6 {[%clk 0:14:30]} 9. cxb4
{[%clk 0:13:55]} cxb4 {[%clk 0:14:35]} 10. a3 {[%clk 0:14:03]} a5
{[%clk 0:14:30]} 11. d3 {[%clk 0:13:22]} bxa3 {[%clk 0:13:28]} 12. b3
{[%clk 0:13:17]} Qb6 {[%clk 0:13:08]} 13. Bxa3 {[%clk 0:13:07]} Bc5
{[%clk 0:12:15]} 14. Qd2 {[%clk 0:12:17]} O-O {[%clk 0:12:18]} 15. Rfb1
{[%clk 0:12:12]} Rfb8 {[%clk 0:11:40]} 16. Ne1 {[%clk 0:10:55]} Bd4
{[%clk 0:11:05]} 17. Bb2 {[%clk 0:10:24]} Bxb2 {[%clk 0:10:32]} 18. Rxb2
{[%clk 0:09:23]} Nc5 {[%clk 0:10:27]} 19. b4 {[%clk 0:07:40]} axb4
{[%clk 0:07:28]} 20. Rxb4 {[%clk 0:07:41]} Qxb4 {[%clk 0:05:15]} 21. Qxb4
{[%clk 0:07:49]} Rxa1 {[%clk 0:05:23]} 22. Bf1 {[%clk 0:06:24]} Ncd7
{[%clk 0:05:19]} 23. N1c2 {[%clk 0:06:18]} Raa8 {[%clk 0:05:27]} 24. f4
{[%clk 0:06:17]} Bc6 {[%clk 0:05:11]} 25. Qc3 {[%clk 0:06:19]} Rc8
{[%clk 0:04:53]} 26. Nd4 {[%clk 0:06:20]} Nb8 {[%clk 0:04:55]} 27. g4
{[%clk 0:05:34]} Bd7 {[%clk 0:05:03]} 28. Qb2 {[%clk 0:05:37]} Nc6
{[%clk 0:05:02]} 29. Nxc6 {[%clk 0:05:39]} Bxc6 {[%clk 0:05:09]} 30. f5
{[%clk 0:05:42]} Re8 {[%clk 0:03:31]} 31. fxe6 {[%clk 0:05:10]} fxe6
{[%clk 0:03:36]} 32. g5 {[%clk 0:05:04]} Nd7 {[%clk 0:03:44]} 33. Bh3
{[%clk 0:04:57]} Nf8 {[%clk 0:03:32]} 34. Ng4 {[%clk 0:04:34]} Ng6
{[%clk 0:03:40]} 35. Ne5 {[%clk 0:04:19]} Nxe5 {[%clk 0:03:32]} 36. Qxe5
{[%clk 0:04:28]} Bd7 {[%clk 0:03:41]} 37. Bg4 {[%clk 0:04:20]} Re7
{[%clk 0:03:32]} 38. h4 {[%clk 0:03:50]} Ra4 {[%clk 0:03:34]} 39. Bh5
{[%clk 0:02:42]} g6 {[%clk 0:02:25]} 40. Bf3 {[%clk 0:02:48]} Rf7
{[%clk 0:01:45]} 41. Qb8+ {[%clk 0:02:35]} Kg7 {[%clk 0:01:52]} 42. h5
{[%clk 0:02:23]} gxh5 {[%clk 0:01:12]} 43. Bxh5 {[%clk 0:02:24]} Raf4
{[%clk 0:01:13]} 44. Qe5+ {[%clk 0:02:09]} Kg8 {[%clk 0:01:22]} 45. Bxf7+
{[%clk 0:02:18]} Rxf7 {[%clk 0:01:31]} 46. Kh2 {[%clk 0:02:15]} Re7
{[%clk 0:00:38]} 47. Kg3 {[%clk 0:02:13]} Be8 {[%clk 0:00:40]} 48. Qf6
{[%clk 0:02:21]} Ra7 {[%clk 0:00:23]} 49. Qxe6+ {[%clk 0:02:20]} Bf7
{[%clk 0:00:33]} 50. Qc8+ {[%clk 0:02:01]} Kg7 {[%clk 0:00:42]} 51. Qc3+
{[%clk 0:02:10]} Kg8 {[%clk 0:00:46]} 52. Qc5 {[%clk 0:02:18]} Ra8
{[%clk 0:00:50]} 53. Kf4 {[%clk 0:02:10]} Re8 {[%clk 0:00:55]} 54. e3
{[%clk 0:02:18]} Kg7 {[%clk 0:00:59]} 55. Qc6 {[%clk 0:02:16]} Kg8
{[%clk 0:01:00]} 56. Qd6 {[%clk 0:02:19]} Kg7 {[%clk 0:01:06]} 57. Qb4
{[%clk 0:02:07]} Kg8 {[%clk 0:01:11]} 58. Qd4 {[%clk 0:02:14]} Re6
{[%clk 0:01:02]} 59. Kg4 {[%clk 0:02:00]} Rg6 {[%clk 0:00:43]} 60. Kf5
{[%clk 0:01:47]} Re6 {[%clk 0:00:45]} 61. Qc5 {[%clk 0:01:32]} Re8
{[%clk 0:00:28]} 62. Kg4 {[%clk 0:01:22]} Be6+ {[%clk 0:00:16]} 63. Kh4
{[%clk 0:00:52]} Bf7 {[%clk 0:00:24]} 64. Qd4 {[%clk 0:00:53]} Re6
{[%clk 0:00:30]} 65. Qc5 {[%clk 0:00:58]} Re8 {[%clk 0:00:34]} 66. Kg4
{[%clk 0:01:04]} Be6+ {[%clk 0:00:40]} 67. Kf4 {[%clk 0:00:39]} Bf7
{[%clk 0:00:46]} 68. Qb6 {[%clk 0:00:46]} Re6 {[%clk 0:00:52]} 69. Qd8+
{[%clk 0:00:54]} Re8 {[%clk 0:01:01]} 70. Qc7 {[%clk 0:01:02]} Re6
{[%clk 0:01:07]} 71. Qc3 {[%clk 0:01:05]} Re8 {[%clk 0:01:10]} 72. Qd4
{[%clk 0:00:56]} Re6 {[%clk 0:01:16]} 73. Kg4 {[%clk 0:01:04]} Rc6
{[%clk 0:00:58]} 74. Kh4 {[%clk 0:00:52]} Re6 {[%clk 0:01:05]} 75. Qf4
{[%clk 0:01:01]} Re8 {[%clk 0:01:11]} 76. Kg3 {[%clk 0:01:05]} Re6
{[%clk 0:01:19]} 77. Kf2 {[%clk 0:01:13]} Re8 {[%clk 0:00:59]} 78. Ke1
{[%clk 0:01:21]} Bg6 {[%clk 0:01:03]} 79. Kd2 {[%clk 0:01:30]} Bf7
{[%clk 0:01:12]} 80. Kc3 {[%clk 0:01:38]} Ra8 {[%clk 0:01:04]} 81. Qd6
{[%clk 0:01:41]} Re8 {[%clk 0:01:06]} 82. Kd4 {[%clk 0:01:50]} Kg7
{[%clk 0:01:12]} 83. Kc5 {[%clk 0:01:52]} Rxe3 {[%clk 0:01:08]} 84. Qh6+
{[%clk 0:01:59]} Kg8 {[%clk 0:00:49]} 85. g6 {[%clk 0:02:07]} Rf3
{[%clk 0:00:20]} 86. Qxh7+ {[%clk 0:02:08]} Kf8 {[%clk 0:00:29]} 87. gxf7
{[%clk 0:02:12]} Rf6 {[%clk 0:00:35]} 1-0

[Event "Team Championship of Russia (rapid)"]
[Site "Sochi"]
[Date "2015.05.09"]
[Round "9.11"]
[White "Frolyanov, Dmitry"]
[Black "Potkin, Vladimir"]
[Result "1/2-1/2"]
[LiveChessVersion "1.4.4"]
[BlackElo "2676"]
[WhiteElo "2614"]
[BlackTeam "SHSM-Our Heritage-2"]

1. e4 {[%clk 0:15:18]} e6 {[%clk 0:15:19]} 2. d4 {[%clk 0:15:25]} d5
{[%clk 0:15:28]} 3. Nc3 {[%clk 0:15:32]} Nf6 {[%clk 0:15:22]} 4. e5
{[%clk 0:15:41]} Nfd7 {[%clk 0:15:31]} 5. f4 {[%clk 0:15:49]} c5 {[%clk 0:15:40]}
6. Nf3 {[%clk 0:15:57]} Nc6 {[%clk 0:15:48]} 7. Be3 {[%clk 0:16:05]} a6
{[%clk 0:15:40]} 8. Qd2 {[%clk 0:16:08]} b5 {[%clk 0:15:49]} 9. a3
{[%clk 0:16:14]} Qa5 {[%clk 0:15:51]} 10. dxc5 {[%clk 0:16:12]} Bxc5
{[%clk 0:15:50]} 11. Bxc5 {[%clk 0:15:37]} Nxc5 {[%clk 0:15:58]} 12. Nd4
{[%clk 0:14:59]} Nxd4 {[%clk 0:15:30]} 13. Qxd4 {[%clk 0:15:07]} Na4
{[%clk 0:15:34]} 14. b4 {[%clk 0:13:53]} Qb6 {[%clk 0:15:42]} 15. Qxb6
{[%clk 0:13:48]} Nxb6 {[%clk 0:15:51]} 16. Bd3 {[%clk 0:13:03]} Bd7
{[%clk 0:15:41]} 17. Ne2 {[%clk 0:12:45]} Ke7 {[%clk 0:15:44]} 18. Nd4
{[%clk 0:12:40]} g6 {[%clk 0:15:13]} 19. Kf2 {[%clk 0:12:14]} h5 {[%clk 0:15:21]}
20. g3 {[%clk 0:12:02]} Rac8 {[%clk 0:15:14]} 21. h3 {[%clk 0:11:10]} Na4
{[%clk 0:14:28]} 22. Ke3 {[%clk 0:10:45]} Rh7 {[%clk 0:14:08]} 23. Kd2
{[%clk 0:10:33]} Rc7 {[%clk 0:13:19]} 24. g4 {[%clk 0:09:00]} Nb2
{[%clk 0:10:54]} 25. Nb3 {[%clk 0:05:51]} Nc4+ {[%clk 0:10:13]} 26. Ke2
{[%clk 0:05:46]} hxg4 {[%clk 0:08:45]} 27. hxg4 {[%clk 0:05:49]} Rxh1
{[%clk 0:08:51]} 28. Rxh1 {[%clk 0:05:56]} Nxa3 {[%clk 0:07:11]} 29. Nc5
{[%clk 0:05:39]} a5 {[%clk 0:05:15]} 30. Nxd7 {[%clk 0:04:27]} Kxd7
{[%clk 0:04:28]} 31. bxa5 {[%clk 0:04:35]} Kc6 {[%clk 0:04:05]} 32. Rh7
{[%clk 0:04:04]} Nc4 {[%clk 0:03:58]} 33. Bxc4 {[%clk 0:02:11]} dxc4
{[%clk 0:04:07]} 34. c3 {[%clk 0:02:07]} Kd5 {[%clk 0:03:16]} 35. Ke3
{[%clk 0:01:50]} Ra7 {[%clk 0:03:15]} 36. a6 {[%clk 0:01:49]} Kc5
{[%clk 0:01:49]} 37. Kd2 {[%clk 0:01:25]} b4 {[%clk 0:01:36]} 38. cxb4+
{[%clk 0:01:21]} Kxb4 {[%clk 0:01:45]} 39. f5 {[%clk 0:01:12]} gxf5
{[%clk 0:01:53]} 40. gxf5 {[%clk 0:01:21]} exf5 {[%clk 0:01:35]} 41. e6
{[%clk 0:01:23]} Rxa6 {[%clk 0:01:43]} 42. Rxf7 {[%clk 0:01:17]} Rxe6
{[%clk 0:01:37]} 43. Rxf5 {[%clk 0:01:22]} Rh6 {[%clk 0:01:19]} 44. Kc1
{[%clk 0:00:33]} Kb3 {[%clk 0:01:00]} 45. Rb5+ {[%clk 0:00:41]} Kc3
{[%clk 0:01:08]} 46. Kb1 {[%clk 0:00:50]} Rh1+ {[%clk 0:01:15]} 47. Ka2
{[%clk 0:00:58]} Kc2 {[%clk 0:01:04]} 48. Rg5 {[%clk 0:01:05]} Rh2
{[%clk 0:01:02]} 49. Rg1 {[%clk 0:01:03]} c3 {[%clk 0:01:08]} 50. Ka3
{[%clk 0:01:00]} Rd2 {[%clk 0:00:59]} 51. Ka2 {[%clk 0:00:48]} Rd1
{[%clk 0:00:39]} 52. Rg2+ {[%clk 0:00:54]} Rd2 {[%clk 0:00:40]} 53. Rg1
{[%clk 0:01:02]} Rf2 {[%clk 0:00:47]} 54. Rh1 {[%clk 0:00:51]} Rg2
{[%clk 0:00:55]} 55. Ka3 {[%clk 0:00:56]} Re2 {[%clk 0:00:32]} 56. Rg1
{[%clk 0:01:01]} Rh2 {[%clk 0:00:39]} 57. Ka2 {[%clk 0:01:06]} Rf2
{[%clk 0:00:26]} 58. Rh1 {[%clk 0:01:14]} Rg2 {[%clk 0:00:33]} 59. Ka3
{[%clk 0:01:22]} Rd2 {[%clk 0:00:41]} 60. Ka2 {[%clk 0:01:22]} Re2
{[%clk 0:00:33]} 61. Ka3 {[%clk 0:00:57]} Re3 {[%clk 0:00:28]} 62. Ka2
{[%clk 0:01:02]} Re2 {[%clk 0:00:27]} 63. Ka3 {[%clk 0:01:10]} Re7
{[%clk 0:00:34]} 64. Rh2+ {[%clk 0:01:11]} Kd3 {[%clk 0:00:42]} 65. Rh3+
{[%clk 0:01:05]} Kd2 {[%clk 0:00:46]} 66. Rh2+ {[%clk 0:00:56]} Re2
{[%clk 0:00:44]} 67. Rh1 {[%clk 0:01:02]} Re3 {[%clk 0:00:43]} 68. Kb3
{[%clk 0:00:54]} c2+ {[%clk 0:00:29]} 69. Kb2 {[%clk 0:01:00]} Re2
{[%clk 0:00:27]} 70. Rc1 {[%clk 0:00:51]} Kd3 {[%clk 0:00:35]} 71. Rh1
{[%clk 0:00:41]} Rg2 {[%clk 0:00:38]} 72. Kc1 {[%clk 0:00:35]} Rg3
{[%clk 0:00:44]} 73. Rf1 {[%clk 0:00:37]} Kc3 {[%clk 0:00:51]} 74. Rf3+
{[%clk 0:00:42]} Rxf3 {[%clk 0:00:59]} 1/2-1/2

[Event "Team Championship of Russia (rapid)"]
[Site "Sochi"]
[Date "2015.05.09"]
[Round "9.12"]
[White "Popov, Ivan"]
[Black "Predke, Alexandr"]
[Result "1/2-1/2"]
[LiveChessVersion "1.4.4"]
[BlackElo "2566"]
[WhiteElo "2701"]
[BlackTeam "Zhiguli"]
[WhiteTeam "SHSM-Our Heritage-2"]

1. e4 {[%clk 0:15:18]} e5 {[%clk 0:15:19]} 2. Nf3 {[%clk 0:15:27]} Nc6
{[%clk 0:15:26]} 3. d4 {[%clk 0:15:36]} exd4 {[%clk 0:15:31]} 4. Nxd4
{[%clk 0:15:44]} Nf6 {[%clk 0:15:39]} 5. Nxc6 {[%clk 0:15:52]} bxc6
{[%clk 0:15:48]} 6. e5 {[%clk 0:16:00]} Qe7 {[%clk 0:15:56]} 7. Qe2
{[%clk 0:16:09]} Nd5 {[%clk 0:16:04]} 8. Nd2 {[%clk 0:16:18]} Bb7
{[%clk 0:15:47]} 9. Nf3 {[%clk 0:16:17]} Qb4+ {[%clk 0:15:30]} 10. Qd2
{[%clk 0:16:07]} Qe4+ {[%clk 0:15:38]} 11. Be2 {[%clk 0:15:43]} Ba6
{[%clk 0:13:57]} 12. Kf1 {[%clk 0:15:34]} Bc4 {[%clk 0:12:24]} 13. Bxc4
{[%clk 0:15:12]} Qxc4+ {[%clk 0:12:33]} 14. Qe2 {[%clk 0:15:20]} Qxe2+
{[%clk 0:12:14]} 15. Kxe2 {[%clk 0:15:29]} f6 {[%clk 0:12:12]} 16. c4
{[%clk 0:14:50]} Nb6 {[%clk 0:12:06]} 17. exf6 {[%clk 0:12:44]} Nxc4
{[%clk 0:12:05]} 18. b3 {[%clk 0:12:52]} Nb6 {[%clk 0:11:44]} 19. Bb2
{[%clk 0:12:56]} gxf6 {[%clk 0:11:33]} 20. Bxf6 {[%clk 0:13:03]} Rg8
{[%clk 0:11:42]} 21. g3 {[%clk 0:12:06]} Nd5 {[%clk 0:11:18]} 22. Bb2
{[%clk 0:12:01]} a5 {[%clk 0:11:25]} 23. Rhe1 {[%clk 0:10:46]} d6
{[%clk 0:08:08]} 24. Kd3+ {[%clk 0:09:37]} Kd7 {[%clk 0:08:16]} 25. Re4
{[%clk 0:09:45]} Bg7 {[%clk 0:08:23]} 26. Bxg7 {[%clk 0:09:46]} Rxg7
{[%clk 0:08:30]} 27. Nd2 {[%clk 0:09:26]} Nb4+ {[%clk 0:08:02]} 28. Kc3
{[%clk 0:09:01]} Rg5 {[%clk 0:07:27]} 29. a3 {[%clk 0:08:40]} Rd5
{[%clk 0:07:03]} 30. Rd1 {[%clk 0:06:18]} Nd3 {[%clk 0:05:24]} 31. Rh4
{[%clk 0:05:15]} Nxf2 {[%clk 0:05:29]} 32. Rxh7+ {[%clk 0:05:11]} Kc8
{[%clk 0:05:27]} 33. Rf1 {[%clk 0:05:05]} Rf5 {[%clk 0:04:34]} 34. Kc2
{[%clk 0:03:34]} Rf6 {[%clk 0:02:48]} 35. Re1 {[%clk 0:02:23]} Kb7
{[%clk 0:02:27]} 36. Ree7 {[%clk 0:02:15]} d5 {[%clk 0:02:07]} 37. Rxc7+
{[%clk 0:02:19]} Kb6 {[%clk 0:02:16]} 38. Rcf7 {[%clk 0:01:47]} Rf8
{[%clk 0:02:20]} 39. Rb7+ {[%clk 0:01:30]} Kc5 {[%clk 0:02:20]} 40. Ra7
{[%clk 0:01:36]} Re8 {[%clk 0:02:06]} 41. Rxa5+ {[%clk 0:01:37]} Kd6
{[%clk 0:02:16]} 42. Raa7 {[%clk 0:01:22]} Re2 {[%clk 0:02:22]} 43. Rad7+
{[%clk 0:01:07]} Kc5 {[%clk 0:02:31]} 44. b4+ {[%clk 0:01:13]} Kd4
{[%clk 0:02:40]} 45. Rh4+ {[%clk 0:01:14]} Ne4 {[%clk 0:02:49]} 46. Rxe4+
{[%clk 0:01:21]} Rxe4 {[%clk 0:02:58]} 47. Nxe4 {[%clk 0:01:28]} Kxe4
{[%clk 0:03:07]} 48. a4 {[%clk 0:01:29]} Rf2+ {[%clk 0:03:12]} 49. Kc1
{[%clk 0:01:33]} Rf1+ {[%clk 0:01:24]} 50. Kd2 {[%clk 0:01:38]} Rf2+
{[%clk 0:01:32]} 51. Ke1 {[%clk 0:01:46]} Rxh2 {[%clk 0:01:41]} 52. a5
{[%clk 0:01:24]} Rb2 {[%clk 0:00:34]} 53. Rb7 {[%clk 0:00:41]} d4
{[%clk 0:00:16]} 54. a6 {[%clk 0:00:45]} Ra2 {[%clk 0:00:23]} 55. a7
{[%clk 0:00:53]} d3 {[%clk 0:00:04]} 56. g4 {[%clk 0:00:30]} Ke3 {[%clk 0:00:14]}
57. Re7+ {[%clk 0:00:39]} Kd4 {[%clk 0:00:18]} 58. g5 {[%clk 0:00:32]} Ra1+
{[%clk 0:00:24]} 59. Kf2 {[%clk 0:00:25]} d2 {[%clk 0:00:18]} 60. g6
{[%clk 0:00:27]} Kc3 {[%clk 0:00:19]} 61. Rd7 {[%clk 0:00:13]} Rxa7
{[%clk 0:00:24]} 62. Rd6 {[%clk 0:00:19]} c5 {[%clk 0:00:19]} 63. bxc5
{[%clk 0:00:22]} Rg7 {[%clk 0:00:14]} 64. Ke2 {[%clk 0:00:25]} Re7+
{[%clk 0:00:20]} 65. Kf3 {[%clk 0:00:34]} Rg7 {[%clk 0:00:25]} 66. Ke2
{[%clk 0:00:31]} Re7+ {[%clk 0:00:28]} 67. Kf3 {[%clk 0:00:40]} Re6
{[%clk 0:00:20]} 68. Rxe6 {[%clk 0:00:20]} d1=Q+ {[%clk 0:00:28]} 69. Kf4
{[%clk 0:00:28]} Qd4+ {[%clk 0:00:19]} 70. Kg5 {[%clk 0:00:17]} Qxc5+
{[%clk 0:00:17]} 71. Kh6 {[%clk 0:00:25]} Qc8 {[%clk 0:00:19]} 72. Re7
{[%clk 0:00:20]} Qf8+ {[%clk 0:00:14]} 73. g7 {[%clk 0:00:20]} Qf6+
{[%clk 0:00:21]} 74. Kh5 {[%clk 0:00:28]} Qf5+ {[%clk 0:00:21]} 75. Kh6
{[%clk 0:00:37]} Qf6+ {[%clk 0:00:27]} 76. Kh5 {[%clk 0:00:46]} 1/2-1/2